000 01247nam0a22002771 4500
001 rc\3903184
005 20130415104656.1
021 _aRU
_b[55-40997]
035 _a(NLR Aleph) 008014954
090 _a8724161
_c8724161
100 _a20130415d1955 |||y0rusy50 ca
101 0 _arus
102 _aRU
105 _aa z |||||
200 1 _aПереоборудование паровых культиваторов для междурядной обработки кукурузы
_fСталингр. обл. упр. сельского хозяйства. Сталингр. правл. Всесоюз. науч.-техн. о-ва сельского и лесного хозяйства
210 _aСталинград
_cБ. и.
_d1955
215 _a13 с.
_cчерт.
_d20
300 _aПеред загл. авт.: инж. Т.Г. Ботов
606 _aКультиваторы тракторные
_xПереоборудование
_2psbo
606 _aКукуруза
_xМеждурядная обработка
_xМеханизация
_2psbo
700 1 _aБотов
_bТ. Г.
_gТихон Григорьевич
801 0 _aRU
_bNLR
_gpsbo
801 1 _aRU
_bELAR
_2rusmarc
852 _aNLR
_jС20 Г-4/3298
942 _cBOOK
980 _aNB